Introduction to Biomedical Equipment Technology (Record no. 4908)
[ view plain ]
| 000 -LEADER | |
|---|---|
| fixed length control field | 01020cam a22003014a 4500 |
| 001 - CONTROL NUMBER | |
| control field | 11963986 |
| 003 - CONTROL NUMBER IDENTIFIER | |
| control field | OSt |
| 005 - DATE AND TIME OF LATEST TRANSACTION | |
| control field | 20180925174521.0 |
| 008 - FIXED-LENGTH DATA ELEMENTS--GENERAL INFORMATION | |
| fixed length control field | 000404s2001 njua b 001 0 eng c |
| 010 ## - LIBRARY OF CONGRESS CONTROL NUMBER | |
| LC control number | 00038505 |
| 020 ## - INTERNATIONAL STANDARD BOOK NUMBER | |
| International Standard Book Number | 0130104922 |
| 035 ## - SYSTEM CONTROL NUMBER | |
| System control number | (DNLM)100941291 |
| 040 ## - CATALOGING SOURCE | |
| Original cataloging agency | DNLM/DLC |
| Transcribing agency | DLC |
| Modifying agency | DLC |
| 042 ## - AUTHENTICATION CODE | |
| Authentication code | pcc |
| 082 ## - DEWEY DECIMAL CLASSIFICATION NUMBER | |
| Classification number | WB 26 |
| Item number | C23i 2001 |
| 100 1# - MAIN ENTRY--PERSONAL NAME | |
| Personal name | Carr, Joseph J.; Brown, John M. |
| 9 (RLIN) | 10543 |
| 245 10 - TITLE STATEMENT | |
| Title | Introduction to Biomedical Equipment Technology |
| 250 ## - EDITION STATEMENT | |
| Edition statement | 4th ed. |
| 260 ## - PUBLICATION, DISTRIBUTION, ETC. (IMPRINT) | |
| Place of publication, distribution, etc. | New Jersay; |
| Name of publisher, distributor, etc. | Prentice Hall, |
| Date of publication, distribution, etc. | 2001. |
| 300 ## - PHYSICAL DESCRIPTION | |
| Extent | xv, 743 p. : |
| Other physical details | ill. ; |
| Dimensions | 25 cm. |
| 504 ## - BIBLIOGRAPHY, ETC. NOTE | |
| Bibliography, etc | Includes bibliographical references and index. |
| 650 12 - SUBJECT ADDED ENTRY--TOPICAL TERM | |
| Topical term or geographic name as entry element | Equipment and Supplies. |
| 9 (RLIN) | 9626 |
| 650 22 - SUBJECT ADDED ENTRY--TOPICAL TERM | |
| Topical term or geographic name as entry element | Biomedical Engineering |
| 9 (RLIN) | 10545 |
| 906 ## - LOCAL DATA ELEMENT F, LDF (RLIN) | |
| a | 7 |
| b | cbc |
| c | orignew |
| d | 1 |
| e | ocip |
| f | 20 |
| g | y-gencatlg |
| 942 ## - ADDED ENTRY ELEMENTS (KOHA) | |
| Source of classification or shelving scheme | Other/Generic Classification Scheme |
| Koha item type | Open Shelf |
| Withdrawn status | Lost status | Source of classification or shelving scheme | Damaged status | Not for loan | Home library | Current library | Date acquired | Source of acquisition | Inventory number | Total Checkouts | Full call number | Barcode | Date last seen | Price effective from | Koha item type |
|---|---|---|---|---|---|---|---|---|---|---|---|---|---|---|---|
| Other/Generic Classification Scheme | MUST Main Library | MUST Main Library | 03/08/2016 | 2007/29020 | WB 26 C23i 2001 | 2016-3509 | 03/08/2016 | 03/08/2016 | Open Shelf | ||||||
| Other/Generic Classification Scheme | MUST Main Library | MUST Main Library | 03/08/2016 | 2008/29498 | WB 26 C23i 2001 | 2016-3510 | 03/08/2016 | 03/08/2016 | Open Shelf | ||||||
| Other/Generic Classification Scheme | MUST Main Library | MUST Main Library | 03/08/2016 | 2008/29497 | WB 26 C23i 2001 | 2016-3511 | 03/08/2016 | 03/08/2016 | Open Shelf | ||||||
| Other/Generic Classification Scheme | MUST Main Library | MUST Main Library | 03/08/2016 | 2008/29496 | WB 26 C23i 2001 | 2016-3512 | 03/08/2016 | 03/08/2016 | Open Shelf |
